|
|
|
|
| LEADER |
02169nam a2200409 a 4500 |
| 001 |
23463 |
| 003 |
BD-DhAAL |
| 005 |
20250625151656.0 |
| 008 |
110928r20082003bg a b 001 0abenod |
| 010 |
|
|
|a 2003333634
|
| 020 |
|
|
|a 984465324X
|
| 035 |
|
|
|a (DLC) 2003333634
|
| 040 |
|
|
|a DLC
|c DLC
|d BD-DhAAL
|
| 041 |
|
|
|a ben
|
| 042 |
|
|
|a lcode
|
| 043 |
|
|
|a a-bg---
|
| 082 |
0 |
4 |
|a 920
|
| 100 |
0 |
|
|a আনিসুজ্জামান.
|9 33032
|
| 245 |
1 |
0 |
|a কাল নিরবধি /
|c আনিসুজ্জামান.
|
| 260 |
|
|
|a ঢাকা :
|b সাহিত্য প্রকাশ,
|c ২০০৩ [দ্বিতীয় মুদ্রণ ২০০৮, তৃতীয় মুদ্রণ ২০১৫].
|
| 300 |
|
|
|a ৫৪৩ পৃষ্ঠা :
|b চিত্র ;
|c ২৩ সে.মি.
|
| 500 |
|
|
|a নিঘন্ট অন্তভূক্ত.
|
| 520 |
|
|
|a Autobiography of a Bengali literature critic and university professor from Bangladesh.
|
| 526 |
|
|
|a AAL
|
| 541 |
|
|
|a 00023463, 35002
|
| 546 |
|
|
|a In Bengali.
|
| 600 |
0 |
0 |
|a Anisujjaman.
|9 33033
|
| 650 |
|
0 |
|a Critics
|z Bangladesh
|v Biography.
|9 33034
|
| 650 |
|
0 |
|a College teachers
|z Bangladesh
|v Biography.
|9 33035
|
| 650 |
|
0 |
|a Critiques
|z Bangladesh
|v Biographies.
|9 58556
|
| 852 |
1 |
|
|a Ayesha Abed Library
|c General Stacks
|
| 942 |
|
|
|2 ddc
|c BK
|
| 999 |
|
|
|c 11283
|d 11283
|
| 952 |
|
|
|0 0
|1 0
|2 ddc
|3 Need to change call number
|4 0
|6 818_095492000000000_ANI
|7 0
|9 18296
|a BIGD
|b BIGD
|c GEN
|d 2011-10-02
|g 400.00
|l 0
|o 818.095492 ANI
|p 3050023463
|r 2011-10-02
|t 1
|v 400.00
|w 2011-10-02
|y BK
|x Transfer from BDI to BIGD.
|
| 952 |
|
|
|0 0
|1 0
|2 ddc
|4 0
|6 920_000000000000000_ANI
|7 0
|9 65715
|a SCL
|b SCL
|c GEN
|d 2019-07-17
|e Development Book Agency
|g 637.00
|l 0
|o 920 ANI
|p 3020034869
|r 2019-07-17
|t 3
|v 637.00
|w 2019-07-17
|y BK
|
| 952 |
|
|
|0 0
|1 0
|2 ddc
|4 0
|6 920_000000000000000_ANI
|7 0
|9 65716
|a SCL
|b SCL
|c GEN
|d 2019-07-17
|e Development Book Agency
|g 637.00
|l 0
|o 920 ANI
|p 3020034868
|r 2019-07-17
|t 2
|v 637.00
|w 2019-07-17
|y BK
|
| 952 |
|
|
|0 0
|1 0
|2 ddc
|4 0
|6 920_000000000000000_ANI
|7 0
|9 65853
|a BRACUL
|b BRACUL
|c GEN
|d 2019-07-24
|e Development Book Agency
|g 637.00
|l 2
|m 5
|o 920 ANI
|p 3010035002
|r 2023-11-01
|s 2023-10-13
|t 4
|v 637.00
|w 2019-07-24
|y BK
|